000 00796nam a2200265Ia 4500
003 OSt
005 20220926013304.0
006 a|||||r|||| 00| 0
007 ta
008 220923b |||||||| |||| 00| 0 eng d
037 _cGeneral Book
040 _aRTL
_cRTL
_beng
041 _2eng
_aeng
082 _aQ.1-1.M3, G2
100 _aFriess Horace L
_980291
245 0 _aReligion in various cultures
260 _aNew York
_bHenry Holt USA
_c1932
300 _axxii, 586p
_ccm.
490 _aLandmarks in Antrhopology, a series of reprints in cultural anthropology
500 _aBib p 497-558
650 _aReligion
700 _a Schneider Herbert W
_977627
942 _hQ.1-1.M3, G2
_cGB
_2CC
999 _c625615
_d625615